书目信息 |
| 题名: |
化工原理
|
|
| 作者: | 陈敏恒 编 | |
| 分册: | 上册 | |
| 出版信息: | 北京 化学工业出版社 1999 |
|
| 页数: | 407页 | |
| 开本: | 23cm | |
| 丛书名: | ||
| 单 册: | ||
| 中图分类: | TQ02 | |
| 科图分类: | ||
| 主题词: | 化工过程:物理过程 , 化工过程:物理化学过程 , 化工过程 | |
| 电子资源: | ||
| ISBN: | 7-5025-2494-0 | |
| 000 | 00605nam0 2200217 45 | |
| 001 | 0460236340 | |
| 005 | 2004042516435525 | |
| 010 | @a7-5025-2494-0@dCNY 35.00 | |
| 100 | @a20040425d1999 km y0chiy0120 ea | |
| 101 | 0 | @achi |
| 102 | @aCN@b110000 | |
| 200 | 1 | @a化工原理@AHua Gong Yuan Li@f陈敏恒等编@Fchen min heng deng bian@h上册 |
| 210 | @a北京@c化学工业出版社@d1999 | |
| 215 | @a407页@d23cm | |
| 606 | 0 | @a化工过程:物理过程 |
| 606 | 0 | @a化工过程:物理化学过程 |
| 606 | 0 | @a化工过程 |
| 690 | @aTQ02@v3 | |
| 701 | 0 | @a陈敏恒@Achen min heng@4编 |
| 801 | 0 | @aCN@bPFT@c20040425 |
| 905 | @dTQ02@eC5101:1 | |
| 化工原理/陈敏恒等编.上册.-北京:化学工业出版社,1999 |
| 407页;23cm |
| ISBN 7-5025-2494-0:CNY 35.00 |
| ● |
| 相关链接 |
|
|
|
正题名:化工原理
索取号:TQ02/C5101:1
 
预约/预借
| 序号 | 登录号 | 条形码 | 馆藏地/架位号 | 状态 | 备注 |
| 1 | 391144 | 203911446 | 期刊室512/501自科库 137排4列1层/ [索取号:TQ02/C5101:1] | 在馆 | |
| 2 | 391145 | 203911455 | 自科库501/ [索取号:TQ02/C5101:1] | 在馆 | |
| 3 | 391146 | 203911464 | 自科库501/501自科库 137排4列1层/ [索取号:TQ02/C5101:1] | 在馆 |